(Kind of) An Ultimate Rainbow Six Quiz - Statistics

General Stats
  • This quiz has been taken 243 times
  • The average score is 9 of 15
Answer Stats
Question Answer % Correct
Does Thatcher's EMP disable or destroy a bulletproof camera? Disable
94%
Bandit's car batteries are called: Shock Wire
93%
The Three Shield Boy strat consists of who? Monty, Blitz, Fuze
90%
Which op is referred to as The Lord? Tachanka
87%
And, finally, when was the game released? 2015
77%
What CTO is Tachanka a part of? Spetznas
74%
Rainbow Six's first season Black Ice
72%
The SAS have which shotgun M590A1
59%
How much renown are the Legacy ops? (EACH) 1,000
52%
Sledge's Elite Name L Detachment
49%
How many ops are in the game as of 2021 Y6 S2? 60
42%
What map was introduced in Operation Blood Orchid? Theme Park (prework)
42%
Mike Baker is which operator Thatcher
41%
Y5 S1 is named what? Void Edge
29%
The Latest Event was: Apocalypse
9%
No matching quizzes found
Score Distribution
Percent of People with Each Score
Percentile by Number Answered
Your Score History
You have not taken this quiz